01771cam a22002653a 450000100060000000300060000600500170001200800410002904000150007004200070008505000070009224501800009926000290027950508070030850600300111551600200114565300670116565300670123270000320129970000380133170000300136970000350139983000290143485600420146312473PGUSA20140828083252.0040501s2004||||xxu|||||s|||||000 i eng d aPGUSAbeng adc 4aPT14aThe German Classics of the Nineteenth and Twentieth Centuries, Volume 06 :bMasterpieces of German Literature Translated into English. in Twenty Volumesh[electronic resource] bProject Gutenberg,c20040 aThe Life of Heinrich Heine. By William Guild Howard -- Dedication. -- Songs. -- A Lyrical Intermezzo. -- Sonnets. -- Poor Peter. -- The Two Grenadiers. -- Belshazzar. -- The Pilgrimage to Kevlaar. -- The Return Home. -- Twilight. -- Hail to the Sea. -- In the Harbor. -- A New Spring. -- Abroad. -- The Sphinx. -- Germany. -- Enfant Perdu. -- The Battlefield of Hastings. -- The Asra. -- The Passion Flower. -- The Journey to the Harz. -- Boyhood Days. -- English Fragments--Dialogue on the Thames; London; Wellington. -- Lafayette. -- The Romantic School. -- The Rabbi of Bacharach. -- The Life of Franz Grillparzer. By William Guild Howard -- Medea. -- The Jewess of Toledo. -- The Poor Musician. -- My Journey to Weimar. -- Beethoven as a Letter Writer. By Walter R. Spalding -- Beethoven's Letters. aPublic domain in the USA. aElectronic text aGerman literature -- 19th century -- Translations into English aGerman literature -- 20th century -- Translations into English1 aHeine, Heinrich,d1797-18561 aBeethoven, Ludwig van,d1770-18271 aFrancke, Kuno,d1855-19301 aGrillparzer, Franz,d1791-1872 0aProject Gutenbergv1247340uhttp://www.gutenberg.org/ebooks/12473